Eurovision Song Contest last places - Statistics

General Stats
  • This quiz has been taken 1,210 times
    944 since last reset
  • The average score is 98 of 108
Answer Stats
Hint Answer % Correct
1964 Nora Nova - Man gewohnt sich so schnell an das Schone Germany
99%
1965 Ulla Wiesner - Paradies, wo bist du? Germany
99%
1974 Cindy & Bert - Die Sommermelodie Germany
99%
1995 Stone & Stone - Verliebt in Dich Germany
99%
2005 Gracia - Run & Hide Germany
99%
2015 Ann Sophie - Black Smoke Germany
99%
2016 Jamie Lee - Ghost Germany
99%
1963 Anita Thallaug - Solhverv Norway
97%
1969 Kirsti Sparboe - Oj, oj, oj, sa glad jeg skal bil Norway
97%
1974 Anne Karine Strom & Bendik Singers - The First Day Of Love Norway
97%
1976 Anne Karine Strom - Mata Hari Norway
97%
1978 Jahn Teigen - Mil etter mil Norway
97%
1981 Finn Kalvik - Aldri i livet Norway
97%
1990 Ketil Stokkan - Brandenburger Tor Norway
97%
1997 Tor Endresen - San Francisco Norway
97%
2001 Haldor Laegreid - On My Own Norway
97%
2004 Knut Anders Sorum - High Norway
97%
2012 Tooji - Stay Norway
97%
1962 Victor Balaguer - Llamame Spain
97%
1965 Conchita Bautista - !Que bueno, que bueno! Spain
97%
1983 Remedios Amaya - Quien mareja mi barca? Spain
97%
1999 Lydia - No quiero escuchar Spain
97%
2017 Manel Navarro - Do It For Your Lover Spain
97%
2014 TWIN TWIN - Moustache France
96%
1963 Monica Zetterlund - En gang i Stockholm Sweden
96%
1977 Forbes - Beatles Sweden
96%
1957 Bob Martin - Wohin, kleines Pony? Austria
95%
1961 Jimmy Makulis - Sehnsucht Austria
95%
1962 Eleonore Schwarz - Nur in der Wiener Luft Austria
95%
1979 Christina Simon - Heute in Jerusalem Austria
95%
1984 Anita - Einfach weg Austria
95%
1988 Wilfried - Lisa Mona Lisa Austria
95%
1991 Thomas Forstner - Venedig im Regen Austria
95%
2012 (SF1) Trackshittaz - Woki mit deim Popo Austria
95%
2015 The Makemakes - I Am Yours Austria
95%
1963 Laila Halme - Muistojeni laulu Finland
95%
1965 Viktor Klimenko - Aurinko laskee lanteen Finland
95%
1968 Kristina Hautala - Kun kello kay Finland
95%
1980 Vesa-Matti Loiri - Huilumies Finland
95%
1982 Kojo - Nuku pommiin Finland
95%
1992 Pave Maijanen - Yamma, yamma Finland
95%
1996 Jasmine - Niin kaunis on taivas Finland
95%
2009 Waldo's People - Lose Control Finland
95%
2015 (SF1) Pertti Kurikan Nimipäivät - Aina mun pitaa Finland
95%
1964 Anita Traversi - I miei pensieri Switzerland
94%
1967 Geraldine - Quel coeur vas-tu briser? Switzerland
94%
1974 Pierra Martell - Mein Ruf nach dir Switzerland
94%
1998 Gunvor - Lass' ihn Switzerland
94%
2004 (SF) Piero and the Music Stars - Celebrate Switzerland
94%
2010 (SF2) Michael von der Heide - Il pleut de l'or Switzerland
94%
2011 Anna Rossinelli - In Love For A While Switzerland
94%
2015 (SF2) Mélanie René - Time To Shine Switzerland
94%
2016 (SF2) Rykka - The Last of Our Kind Switzerland
94%
2007 Dervish - They Can't Stop The Spring Ireland
93%
2013 Ryan Dolan - Only Love Survives Ireland
93%
1966 Domenico Modugno - Dio, come ti amo Italy
93%
1961 Bob Benny - September, gouden roos Belgium
92%
1962 Fud Leclerc - Ton nom Belgium
92%
1965 Lize Marke - Als het weer lente is Belgium
92%
1973 Nicole & Hugo - Baby Baby Belgium
92%
1985 Linda Lepomme - Laat me nu gaan Belgium
92%
1993 Barbara Dex - Iemand als jij Belgium
92%
2000 Nathalie Sorce - Envie de vivre Belgium
92%
1958 Corry Brokken - Heel de wereld Netherlands
92%
1962 De Spelbrekers - Katinka Netherlands
92%
1963 Annie Palmen - Een speeldoos Netherlands
92%
1968 Ronnie Tober - Morgen Netherlands
92%
2011 (SF2) 3JS - Never Alone Netherlands
92%
2009 (SF2) Intars Busulis - Probka Latvia
90%
2010 (SF1) Aisha - What For? Latvia
90%
2013 (SF2) PeR - Here We Go Latvia
90%
2017 (SF1) Triana Park - Line Latvia
90%
1964 Antonio Calvario - Oracao Portugal
90%
1974 Paulo de Carvalho - E deopis do adeus Portugal
90%
1997 Celia Lawson - Antes do adeus Portugal
90%
2016 (SF1) Juri Pootsman - Play Estonia
89%
2008 (SF1) Miodio - Complice San Marino
89%
2017 (SF2) Valentina Monetta & Jimmie Wilson - Spirit of the Night San Marino
89%
1958 Solange Berry - Un grand amour Luxembourg
88%
1960 Camillo Felgen - So laang we's du do bast Luxembourg
88%
1970 David Alexandre Winter - Je suis tombe du ciel Luxembourg
88%
1989 Daniel Agust Haraldsoon - Pao sem enginn ser Iceland
87%
2001 Two Tricky - Angel Iceland
87%
2002 Malene - Tell Me Who You Are Denmark
86%
1971 Joe Grech - Marija I-Maltija Malta
85%
1972 Helen and Joseph - L-imћabba Malta
85%
2006 Fabrizio Faniello - I Do Malta
85%
1994 Ovidijus Vysnijauskas - Lopsine mylimai Lithuania
84%
2005 (SF) Laura and the Lovers - Little By Little Lithuania
84%
2011 (SF1) Magdalena Tul - Jestem Poland
84%
1975 Semiha Yanki - Seninle Bir Dakika Turkey
84%
1983 Cetin Alp & the Short Waves - Opera Turkey
84%
1987 Seyyal Taner & Lokomotif - Sarkim Sevgi U stune Turkey
84%
1959 Jacques Pills - Mon ami Pierrot Monaco
83%
1966 Tereza Kesovija - Bien plus fort Monaco
83%
2013 (SF1) Hannah - Straight Into Love Slovenia
83%
2012 (SF2) Max Jason Mai - Don't Close Your Eyes Slovakia
82%
1986 Elpida - Tora Zo Cyprus
78%
2014 (SF1) Cristina Scarlat - Wild Soul Moldova
78%
2006 (SF) Jenny - Sense Tu Andorra
77%
2014 (SF2) The Shin & Mariko - Three Minutes To Earth Georgia
77%
2008 (SF2) Csezy - Candlelight Hungary
77%
1964 Sabahudin Kurt - Zivot je sklopio krug Yugoslavia
76%
2003 Jemini - Cry Baby United Kingdom
75%
2008 Andy Abraham - Even If United Kingdom
75%
2010 Josh - That Sounds Good To Me United Kingdom
75%
2007 (SF) Kabat - Mala dama Czech Republic
71%
2009 (SF1) Gipsy.cz - Aven Romale Czech Republic
71%
No matching quizzes found
Score Distribution
Percent of People with Each Score
Percentile by Number Answered
Your Score History
You have not taken this quiz since the last reset